Journal d'un homme de 40 ans

Bewaard in:
Bibliografische gegevens
Hoofdauteur: Guéhenno, Jean
Formaat: Boek
Taal:Undetermined
Gepubliceerd in: París, Francia Editions Bernard Grasset 1934
Onderwerpen:
Tags: Voeg label toe
Geen labels, Wees de eerste die dit record labelt!

MARC

LEADER 00000nam a2200000Ia 4500
008 170316s9999 xx 000 0 und d
040 |a cru BVZT 
090 |a 840 G-15j 
100 |a Guéhenno, Jean 
245 |a Journal d'un homme de 40 ans 
260 |a París, Francia 
260 |b Editions Bernard Grasset 
260 |c 1934 
300 |a 241 páginas 
650 |a LITERATURA FRANCESA 
999 |c 7701  |d 7701 
942 |c 15 D  |h 840 G-15j  |2 z